000 07454nam a22006377a 4500
008 081016t xxu||||| |||| 00| 0 eng d
010 _aENG-91347
020 _a9788121929691
_c150.00
020 _a8121929695
_c150.00
035 _aEN-74880
035 _aB-359757-786
037 _bDBAD / PUB
037 _bS. Chand
040 _adpl
_bEnglish
082 _a005.3
100 _aRoy, Gautam
245 _aPC software and IT tools /
_cby Gautam Roy
260 _aNew Delhi
_bS. Chand
_c2008
270 _a7361, Ram Nagar
_bNew Delhi
_e110055
300 _axii, 284p.
_c25cm (pbk)
650 _aApplication software
650 _aOperating systems (Computers)
942 _2ddc
_cEN
_mROY
_h005.3
999 _c16822
_d16822